Le langage de la vallée de Barcelonnette / (Record no. 25923)

MARC details
000 -LEADER
campo de control de longitud fija 00546nam a2200181 i 4500
001 - NÚMERO DE CONTROL
campo de control 25923
003 - IDENTIFICADOR DE NÚMERO DE CONTROL
campo de control ES-MaACL
005 - FECHA Y HORA DE LA ÚLTIMA TRANSACCIÓN
campo de control 20230906153345.0
007 - CAMPO FIJO DE DESCRIPCIÓN FÍSICA--INFORMACIÓN GENERAL
campo de control de longitud fija t|
008 - DATOS DE LONGITUD FIJA--INFORMACIÓN GENERAL
campo de control de longitud fija 030103s1920 fr ||||1| fre d
100 1# - ENTRADA PRINCIPAL--NOMBRE DE PERSONA
Nombre de persona Arnaud, F.
9 (RLIN) 23064
245 13 - MENCIÓN DEL TÍTULO
Título Le langage de la vallée de Barcelonnette /
Mención de responsabilidad, etc. par F. Arnaud et G. Morin ; preface de M. Paul Meyer.
260 ## - PUBLICACIÓN, DISTRIBUCIÓN, ETC.
Lugar de publicación, distribución, etc. [S.l. :
Nombre del editor, distribuidor, etc. s.n.,
Fecha de publicación, distribución, etc. 1920] (
Lugar de fabricación/manufactura Macon :
Fabricante Protat Frères)
300 ## - DESCRIPCIÓN FÍSICA
Extensión 322 p. ;
Dimensiones 25 cm.
700 1# - ENTRADA AGREGADA--NOMBRE PERSONAL
Nombre de persona Morin, G.
9 (RLIN) 83565
700 1# - ENTRADA AGREGADA--NOMBRE PERSONAL
Nombre de persona Meyer, Paul.
9 (RLIN) 80799
852 ## - LOCALIZACIÓN
Ubicación ES-MaACL
Número de control de estantería F-8233
Holdings
Estatus retirado Estado de pérdida Estado de daño No para préstamo Biblioteca de origen Biblioteca actual Ubicación en estantería Fecha de adquisición Fuente de adquisición Total de préstamos Signatura topográfica completa Código de barras Visto por última vez Precio de reemplazo Tipo de ítem Koha
        Biblioteca del Ateneo de Madrid Biblioteca del Ateneo de Madrid Sala Pecera Planta 2 17/01/2008     F-8233 1026745 23/02/2023 23/02/2023 Libro impreso